Úřední jazyky evropských států - Statistics

General Stats
  • This quiz has been taken 248 times
    239 since last reset
  • The average score is 63 of 74
Answer Stats
Stát Jazyk % Correct
Česko čeština
99%
Itálie italština
98%
San Marino italština
98%
Švýcarsko italština
98%
Vatikán italština
98%
Belgie němčina
98%
Lichtenštejnsko němčina
98%
Lucembursko němčina
98%
Německo němčina
98%
Rakousko němčina
98%
Švýcarsko němčina
98%
Norsko norština
98%
Bělorusko ruština
98%
Kazachstán ruština
98%
Rusko ruština
98%
Slovensko slovenština
98%
Španělsko španělština
98%
Irsko angličtina
97%
Malta angličtina
97%
Spojené království angličtina
97%
Bosna a Hercegovina chorvatština
97%
Chorvatsko chorvatština
97%
Dánsko dánština
97%
Finsko finština
97%
Bulharsko bulharština
96%
Belgie francouzština
96%
Francie francouzština
96%
Lucembursko francouzština
96%
Monako francouzština
96%
Švýcarsko francouzština
96%
Vatikán francouzština
96%
Maďarsko maďarština
96%
Polsko polština
96%
Kypr řečtina
96%
Řecko řečtina
96%
Finsko švédština
96%
Švédsko švédština
96%
Ukrajina ukrajinština
96%
Portugalsko portugalština
95%
Bosna a Hercegovina srbština
95%
Srbsko srbština
95%
Irsko irština
94%
Spojené království irština
94%
Belgie nizozemština
94%
Nizozemsko nizozemština
94%
Albánie albánština
93%
Estonsko estonština
93%
Moldavsko rumunština
93%
Rumunsko rumunština
93%
Island islandština
92%
Slovinsko slovinština
92%
Kypr turečtina
92%
Turecko turečtina
92%
Bělorusko běloruština
89%
Moldavsko moldavština
89%
Arménie arménština
88%
Severní Makedonie makedonština
88%
Litva litevština
80%
Lotyšsko lotyština
75%
Malta maltština
72%
Lucembursko lucemburština
70%
Spojené království skotština
69%
Černá Hora černohorština
65%
Spojené království velština
65%
Gruzie gruzínština
59%
Vatikán latina
58%
Ázerbájdžán ázérbájdžánština
57%
Bosna a Hercegovina bosenština
53%
Švýcarsko rétorománština
45%
Kazachstán kazaština
36%
Andorra katalánština
30%
Norsko severní sámština
9%
Gruzie abcházština
7%
Norsko bokmål
3%
No matching quizzes found
Score Distribution
Percent of People with Each Score
Percentile by Number Answered
Your Score History
You have not taken this quiz since the last reset